|
|
|
|
| LEADER |
00827cas a2200181 a 4500 |
| 001 |
AALejournalResearch4Life012213 |
| 008 |
240902c9999 xx r poo 0 0eng d |
| 022 |
|
|
|a 2355438x
|
| 022 |
|
|
|a 24073709
|
| 040 |
|
|
|a BD-DhAAL
|c BD-DhAAL
|
| 245 |
0 |
0 |
|h [electronic resource]
|a Eksyar: Jurnal Ekonomi Syari'ah dan Bisnis Islam | Ekonomi Syari'ah, STAI Muhammadiyah Tulungagung
|
| 260 |
|
|
|b Cambridge University Press
|
| 300 |
|
|
|a 1 online resource
|
| 362 |
0 |
|
|a 2014 - current issue
|
| 500 |
|
|
|a <strong>On-Campus Access Only (IP based access)</strong>
|
| 506 |
|
|
|a Electronic access restricted to authorized BRAC University faculty, staff and students
|
| 538 |
|
|
|a Mode of access: Internet
|
| 856 |
4 |
0 |
|z Full text available on Research4Life (HINARI,AGORA,OARE,ARDI & GOALI)
|u https://ejournal.staim-tulungagung.ac.id/index.php/eksyar/index
|